|
|
|
|
| LEADER |
00000nab a2200000 a 4500 |
| 001 |
vtls000710450 |
| 003 |
SK-MaSNL |
| 005 |
20260302195308.0 |
| 008 |
160405c1996 xo 0 slo |
| 015 |
|
|
|a SNBRA2000/02-05662
|
| 035 |
|
|
|a CLN000062617
|
| 040 |
|
|
|a SNKBUCL
|b slo
|c SNKBUCL
|e AACR2
|
| 041 |
0 |
|
|a slo
|
| 044 |
|
|
|a xo
|c SK
|
| 080 |
|
|
|a 141.2
|2 1997
|
| 080 |
|
|
|a 14:282
|2 1997
|
| 100 |
1 |
|
|a Sklenka, Imrich,
|d 1948-
|4 aut
|9 107607
|
| 245 |
1 |
0 |
|a Romano Guardini a koniec novoveku
|c Imrich Sklenka
|
| 600 |
1 |
7 |
|a Guardini, Romano,
|d 1885-1968
|t Koniec novoveku
|2 snkbucl
|9 17803
|
| 655 |
|
7 |
|a články zo zborníkov
|2 snkbucl
|9 166140
|
| 773 |
0 |
|
|w SK01SNK19980298419
|z 8071650536
|t Zborník prednášok o Romanovi Guardinim
|d Prešov : Vydavateľstvo Michala Vaška, 1996
|g S. 12-18
|
| 850 |
|
|
|a Slovenská národná knižnica v Martine
|
| 852 |
|
|
|a SNK
|b KIS3GCP
|
| 958 |
|
|
|a DE
|
| 999 |
|
|
|c 1452010
|d 1453940
|